000 00295nam a22001337a 4500
008 170523b xxu||||| |||| 00| 0 eng d
020 _a9781861893086
041 _aeng
080 _a94(100)
100 _a16
101 _aSHH
245 _aCOUNTERING TERRORISM
_cCHANDLER,M
942 _2udc
_cBK
999 _c13862
_d13862